000 006590000a22001810004500
090 _aAR
_b02986
245 1 0 _aConservation policy in time and space: lessons from divergent approaches to salvage logging on public lands
650 1 4 _aPolíticas ambientales
_95366
650 1 4 _aManejo de Bosques
_979593
650 1 4 _aDisturbios naturales
_993893
650 1 4 _aParques nacionales
_995580
651 4 _lPark Adirondack
_dNueva York
_pEstados UNidos
_992749
041 0 _aInglés
700 1 _aZappieri, Jeffrey
_996551
100 1 _aRobinson, George
_996552
942 _cARTICULO
773 1 _tConservation Ecology: a Peer-Reviewed Journal
_3798
_h1
_q1-24
_d1999
_g3
999 _c12044
_d12044